Arminia Bielefeld Kader 24/25 - Statistiken

Allgemein
  • Dieses Quiz wurde 13 mal gespielt
  • Das Durchschnittsergebnis liegt bei 20 aus 30
Antwortstatistiken
Nr. Position Spieler % Korrekt
#1 TW Jonas Kersken
100%
#18 TW Leo Oppermann
100%
#4 LV Louis Oppie
100%
#38 ZM Marius Wörl
100%
#19 IV Maximilian Grosser
100%
#24 RV Christopher Lannert
90%
#3 IV Joel Felix
90%
#11 ST Joel Grodowski
90%
#23 IV Leon Schneider
90%
#37 RF Noah Sarenren Bazee
90%
#8 ZM Sam Schreck
90%
#21 ZDM Stefano Russo
90%
#7 ST Julian Kania
80%
#6 ZM Mael Corboz
80%
#28 ST Roberts Uldrikis
80%
#2 RV Felix Hagmann
70%
#30 RF Isaiah Young
70%
#9 ST Jeredy Hiltermann
70%
#41 TW Artem Zaloha
60%
#13 ZM Lukas Kunze
60%
#36 LV Justin Lukas
50%
#17 LF Merveille Biankadi
50%
#22 LF Mika Schroers
50%
#10 ZM Nassim Boujellab
40%
#5 IV Semi Belkahia
40%
#39 ST André Becker
30%
#43 LF Daniel Richter
30%
#45 ST Daniel Sumbu
30%
#25 LF Kaito Mizuta
10%
#33 LV Max LIppert
10%
Keine übereinstimmenden Quizze gefunden
Verteilung der Resultate
Anzahl Personen mit jedem Resultat
Perzentil nach korrekt beantworteten Fragen
Ihre Resultats-Entwicklung
Sie haben dieses Quiz noch nicht gespielt